Getting to yes : (Record no. 14071)
[ view plain ]
| 000 -LEADER | |
|---|---|
| fixed length control field | 00796nam a2200253 a 4500 |
| 001 - CONTROL NUMBER | |
| JCCL Control Number | 14071 |
| 003 - CONTROL NUMBER IDENTIFIER | |
| JCCL marc code | BD-JhCC |
| 005 - DATE AND TIME OF LATEST TRANSACTION | |
| control field | 20240914100833.0 |
| 008 - FIXED-LENGTH DATA ELEMENTS--GENERAL INFORMATION | |
| fixed length control field | 240914b2011 nyu |||| ||a| 001 0 eng d |
| 020 ## - INTERNATIONAL STANDARD BOOK NUMBER | |
| International Standard Book Number | 9780143118756 |
| 035 ## - SYSTEM CONTROL NUMBER | |
| system control number | (BD-JhCC)14071 |
| 040 ## - CATALOGING SOURCE | |
| Original cataloging agency | BD-JhCC |
| Modifying agency | BD-JhCC |
| 041 ## - LANGUAGE CODE | |
| Language code of Book | english |
| 082 ## - DEWEY DECIMAL CLASSIFICATION NUMBER | |
| Classification number | 658.4052 |
| Author mark and Year | FIS 2011 |
| 100 ## - MAIN ENTRY--PERSONAL NAME | |
| Personal name | Fisher, Roger C. |
| 245 ## - TITLE STATEMENT | |
| Title | Getting to yes : |
| Remainder of title | negotiating agreement without giving in / |
| Statement of responsibility, etc | Roger C. Fisher, |
| 260 ## - PUBLICATION, DISTRIBUTION, ETC. (IMPRINT) | |
| Place of publication, distribution, etc | New York: |
| Name of publisher, distributor, etc | Penguin; |
| Date of publication, distribution, etc | 2011. |
| 300 ## - PHYSICAL DESCRIPTION | |
| Pagination | XXIX, 204 pages. : |
| Dimensions | 20 cm. |
| 650 ## - SUBJECT ADDED ENTRY--TOPICAL TERM | |
| Topical term or geographic name as entry element | BUSINESS & ECONOMICS Conflict Resolution & Mediation |
| Form subdivision | BUSINESS & ECONOMICS Negotiating |
| General subdivision | Negotiation |
| Chronological subdivision | Négociations |
| Geographic subdivision | Nonfiction |
| 700 ## - ADDED ENTRY--PERSONAL NAME | |
| Personal name | Ury, William |
| 700 ## - ADDED ENTRY--PERSONAL NAME | |
| Personal name | Patton,Bruce |
| 942 ## - ADDED ENTRY ELEMENTS (KOHA) | |
| Source of classification or shelving scheme | Dewey Decimal Classification |
| Koha item type | Books |
| Source of classification or shelving scheme | Damaged status | Not for loan | Home library | Current library | Shelving location | Date of accession | Source of acquisition | Cost, normal purchase price | Total Checkouts | Full call number | Barcode | Date last seen | Date checked out | Copy number | Method of acquisition | Koha item type | Currency |
|---|---|---|---|---|---|---|---|---|---|---|---|---|---|---|---|---|---|
| Dewey Decimal Classification | JCC Rouf Library | JCC Rouf Library | General Stacks | 09/14/2024 | With the Compliments Of Shahriar Imtiaz Rahman 27/1483/K | 1093.00 | 2 | 658.4052 FIS 2011 | 19686 | 10/22/2025 | 10/15/2025 | C-1 | Gift/Donation | Books | BDT |